[Event "Windsor NAYCC U14"]
[Site "Windsor"]
[Date "2016.08.07"]
[Round "1.52"]
[White "Zhang, Zhehai"]
[Black "Titus, Andrew L"]
[Result "0-1"]
[WhiteElo "1678"]
[BlackElo "2143"]
[PlyCount "84"]
[EventDate "2016.08.07"]
[EventType "swiss"]
[EventRounds "9"]
[EventCountry "CAN"]
[SourceTitle "EXT 2022"]
[Source "ChessBase"]
[SourceDate "2021.10.06"]
[SourceVersion "1"]
[SourceVersionDate "2021.10.06"]
[SourceQuality "1"]

1. e4 c5 2. Nf3 d6 3. d4 cxd4 4. Nxd4 Nf6 5. Nc3 a6 6. Be2 e6 7. 0-0 Nbd7 8. f4 b5 9. Bf3 Bb7 10. a3 Qc7 11. Kh1 Be7 12. Qe1 0-0 13. f5 e5 14. Nb3 Nb6 15. g4 d5 16. g5 dxe4 17. Nxe4 Nxe4 18. Bxe4 Rfc8 19. c3 Bxe4+ 20. Qxe4 Qc4 21. Nd2 Qxe4+ 22. Nxe4 f6 23. gxf6 gxf6 24. Bh6 Kf7 25. Rg1 Rg8 26. Rg3 Rxg3 27. hxg3 Rd8 28. g4 Rd3 29. Kg2 Nc4 30. Rh1 Kg8 31. Nf2 Rd8 32. Rb1 a5 33. Kh3 a4 34. Kh4 Kf7 35. Ne4 Rd3 36. g5 Ne3 37. Ng3 fxg5+ 38. Bxg5 Ng2+ 39. Kh3 Nf4+ 40. Kg4 Bxg5 41. Ne4 Be7 42. Rh1 h5+ 0-1

[Event "Canadian op U2000"]
[Site "Windsor"]
[Date "2016.07.16"]
[Round "7.31"]
[White "Zhang, Zhehai"]
[Black "Zhou, Lily"]
[Result "0-1"]
[WhiteElo "1837"]
[BlackElo "1740"]
[PlyCount "152"]
[EventDate "2016.07.10"]
[EventType "swiss"]
[EventRounds "9"]
[EventCountry "CAN"]
[SourceTitle "EXT 2022"]
[Source "ChessBase"]
[SourceDate "2021.10.06"]
[SourceVersion "1"]
[SourceVersionDate "2021.10.06"]
[SourceQuality "1"]

1. e4 c5 2. Nf3 Nc6 3. d4 cxd4 4. Nxd4 Qb6 5. Nb3 Nf6 6. Nc3 e6 7. Bd3 Bb4 8. 0-0 Bxc3 9. bxc3 d5 10. exd5 Nxd5 11. Qg4 Nce7 12. Qxg7 Rg8 13. Qd4 Qc6 14. f3 Qxc3 15. Bxh7 Rh8 16. Bd3 Bd7 17. Bb2 Qxd4+ 18. Bxd4 Rh5 19. Nc5 Bc6 20. Rab1 0-0-0 21. Bf2 Rdh8 22. h4 Rg8 23. Kh2 Nf4 24. Rg1 Nf5 25. Bxf5 Rxf5 26. Rbe1 Rd5 27. Ne4 Ra5 28. g3 Nh5 29. g4 Nf4 30. Bg3 e5 31. Bxf4 exf4 32. g5 Kc7 33. Rg4 Rxa2 34. Re2 Bxe4 35. fxe4 f3 36. Rf2 Kd6 37. Kg3 a5 38. Kxf3 a4 39. Kf4 Rb2 40. Rg3 Ra8 41. Ra3 b5 42. h5 b4 43. Ra1 b3 44. Rd2+ Ke6 45. Rdd1 Rxc2 46. Rh1 b2 47. Rad1 a3 48. h6 a2 49. h7 a1Q 50. Rxa1 bxa1Q 51. Rxa1 Rh8 52. Ra6+ Ke7 53. Rh6 Kf8 54. Ke5 Rc5+ 55. Kf4 Kg7 56. Rh1 Rxh7 57. Rg1 Rh4+ 58. Ke3 Re5 59. Kf3 Rexe4 60. Rd1 Rhf4+ 61. Kg3 Rg4+ 62. Kh3 Rxg5 63. Rd3 Re8 64. Kh4 Rg1 65. Rg3+ Rxg3 66. Kxg3 Re4 67. Kf3 f5 68. Kg3 Kg6 69. Kf3 Kg5 70. Kg3 Re3+ 71. Kh2 Kg4 72. Kg2 Re2+ 73. Kf1 Kf3 74. Kg1 Ra2 75. Kh1 Kg3 76. Kg1 Ra1# 0-1

[Event "CAN-ch U14"]
[Site "Windsor"]
[Date "2016.07.08"]
[Round "6.34"]
[White "Morin, Gabriel"]
[Black "Zhang, Zhehai"]
[Result "0-1"]
[WhiteElo "795"]
[BlackElo "1837"]
[PlyCount "78"]
[EventDate "2016.07.05"]
[EventType "swiss"]
[EventRounds "7"]
[EventCountry "CAN"]
[SourceTitle "EXT 2022"]
[Source "ChessBase"]
[SourceDate "2021.10.06"]
[SourceVersion "1"]
[SourceVersionDate "2021.10.06"]
[SourceQuality "1"]

1. e4 c5 2. Nc3 e6 3. Nf3 Nc6 4. Bd3 Qc7 5. b3 Nf6 6. g3 a6 7. Bb2 Be7 8. Qe2 d6 9. 0-0-0 b5 10. a3 Bb7 11. Na2 Rc8 12. e5 dxe5 13. Nxe5 Nd4 14. Bxd4 Bxh1 15. Rxh1 cxd4 16. Nb4 Bxb4 17. axb4 Nd5 18. Qf3 Qxe5 19. Qe4 Qf6 20. c4 dxc3 21. dxc3 Qxc3+ 22. Kb1 Qxb3+ 23. Ka1 Qa3+ 24. Kb1 Nc3+ 25. Kc2 Nxe4+ 26. Kd1 Nxf2+ 27. Ke2 Nxh1 28. Kf1 Nxg3+ 29. hxg3 Qxd3+ 30. Kf2 Rc4 31. g4 Rxb4 32. g5 Rb2+ 33. Ke1 Qe3+ 34. Kd1 Qe1+ 35. Kxe1 0-0 36. Kd1 a5 37. Kc1 Rh2 38. Kd1 Rc8 39. Ke1 Rc1# 0-1

[Event "CAN-ch U14"]
[Site "Windsor"]
[Date "2016.07.06"]
[Round "2.23"]
[White "Cai, Jason"]
[Black "Zhang, Zhehai"]
[Result "1-0"]
[WhiteElo "2185"]
[BlackElo "1837"]
[PlyCount "157"]
[EventDate "2016.07.05"]
[EventType "swiss"]
[EventRounds "7"]
[EventCountry "CAN"]
[SourceTitle "EXT 2022"]
[Source "ChessBase"]
[SourceDate "2021.10.06"]
[SourceVersion "1"]
[SourceVersionDate "2021.10.06"]
[SourceQuality "1"]

1. e4 c5 2. Nf3 e6 3. d4 cxd4 4. Nxd4 Nc6 5. Nb5 d6 6. c4 a6 7. N5a3 Nf6 8. Nc3 Be7 9. Be2 0-0 10. 0-0 Qc7 11. Be3 b6 12. Rc1 Nd7 13. Nc2 Bb7 14. f3 Rac8 15. Nd4 Qb8 16. a3 Na5 17. Na4 Ba8 18. b4 Nc6 19. Qd2 Rc7 20. Rfd1 Rfc8 21. Nb2 Nxd4 22. Bxd4 b5 23. Kh1 Rc6 24. Rc3 Bf6 25. Rdc1 Bxd4 26. Qxd4 bxc4 27. Rxc4 d5 28. exd5 exd5 29. Rxc6 Rxc6 30. Rxc6 Bxc6 31. Bxa6 Bb5 32. Bxb5 Qxb5 33. h3 h6 34. a4 Qb7 35. b5 Nf6 36. Nd3 Qc7 37. Qc5 Qa5 38. b6 Qxa4 39. b7 Nd7 40. Qxd5 Kh7 41. Qf5+ Kg8 42. Nc5 Qd1+ 43. Kh2 Qd6+ 44. f4 Nb8 45. Ne4 Qd7 46. Qxd7 Nxd7 47. Nc5 Nb8 48. g4 Kf8 49. h4 Ke7 50. h5 Kd6 51. Ne4+ Kc7 52. g5 Nd7 53. Kg3 f6 54. gxh6 gxh6 55. Kg4 Kxb7 56. Kf5 Kc7 57. Nxf6 Nc5 58. Ng4 Kd7 59. Nxh6 Ke7 60. Kg6 Ne4 61. f5 Nf6 62. Kg5 Ne4+ 63. Kg4 Nf6+ 64. Kh4 Nh7 65. Ng4 Kf7 66. h6 Ke7 67. Kg3 Ke8 68. Kf4 Kf7 69. Ke5 Ke7 70. f6+ Kf7 71. Kf5 Nf8 72. Ne5+ Kg8 73. Ng6 Nh7 74. Ke6 Ng5+ 75. Ke7 Kh7 76. Ne5 Kg8 77. f7+ Nxf7 78. Nxf7 Kh7 79. Kf6 1-0

[Event "CAN-ch U14"]
[Site "Windsor"]
[Date "2016.07.06"]
[Round "3.30"]
[White "Zhang, Zhehai"]
[Black "Hou, Frank Gui"]
[Result "1-0"]
[WhiteElo "1837"]
[BlackElo "1273"]
[PlyCount "85"]
[EventDate "2016.07.05"]
[EventType "swiss"]
[EventRounds "7"]
[EventCountry "CAN"]
[SourceTitle "EXT 2022"]
[Source "ChessBase"]
[SourceDate "2021.10.06"]
[SourceVersion "1"]
[SourceVersionDate "2021.10.06"]
[SourceQuality "1"]

1. e4 e5 2. Nf3 Nc6 3. Bc4 Bc5 4. d3 Nf6 5. 0-0 0-0 6. Nbd2 d6 7. c3 Be6 8. Bb3 Ne7 9. h3 h6 10. Re1 Ng6 11. Nf1 Nh5 12. Be3 Bxe3 13. fxe3 Nf6 14. Bc2 d5 15. Qe2 Qe7 16. g4 dxe4 17. dxe4 Qc5 18. Kh1 Rad8 19. Ng3 Bc4 20. Qh2 Qb6 21. b3 Bd3 22. Rad1 Bxc2 23. Qxc2 Rxd1 24. Qxd1 Qa5 25. Qd2 c5 26. Rd1 Re8 27. g5 hxg5 28. Nxg5 Re7 29. b4 cxb4 30. cxb4 Qb6 31. Qc3 Qc7 32. Qb2 Rd7 33. Rc1 Qb6 34. Qb3 Rc7 35. Rd1 Qc6 36. Qb2 Rd7 37. Rc1 Qd6 38. Nf5 Qd2 39. Qxd2 Rxd2 40. Rc8+ Nf8 41. Ne7+ Kh8 42. Rxf8+ Ng8 43. Rxg8# 1-0

[Event "Toronto NAYCC U12"]
[Site "Toronto"]
[Date "2013.08.17"]
[Round "7"]
[White "Zhang, Zhehai"]
[Black "Chen, Richard"]
[Result "1/2-1/2"]
[WhiteElo "1526"]
[BlackElo "1942"]
[PlyCount "111"]
[EventDate "2013.08.14"]
[EventType "swiss"]
[EventRounds "9"]
[EventCountry "CAN"]
[SourceTitle "EXT 2022"]
[Source "ChessBase"]
[SourceDate "2021.10.06"]
[SourceVersion "1"]
[SourceVersionDate "2021.10.06"]
[SourceQuality "1"]

1. e4 c5 2. Nf3 Nc6 3. d4 cxd4 4. Nxd4 Nf6 5. Nc3 e5 6. Nb3 Bb4 7. Bd3 d5 8. exd5 Nxd5 9. Bd2 0-0 10. 0-0 Be6 11. Qh5 f5 12. Rad1 Bxc3 13. bxc3 Kh8 14. Nc5 Bc8 15. c4 Nf6 16. Qh3 Qe7 17. Nb3 e4 18. Be2 Ne5 19. Qc3 Ng6 20. Be3 Nd7 21. f4 b6 22. c5 Qf6 23. Qb4 a5 24. Qd2 a4 25. c6 Qxc6 26. Nd4 Qf6 27. Nb5 Nc5 28. Bxc5 bxc5 29. Qd5 Be6 30. Qxc5 Rac8 31. Qb6 Rxc2 32. Nd4 Rxe2 33. Nxe2 Bc4 34. Qxf6 gxf6 35. Rfe1 Bxe2 36. Rxe2 Nxf4 37. Rf2 Nd3 38. Rxf5 Kg7 39. h3 Re8 40. Rff1 Nb4 41. Rd2 e3 42. Re2 Kg6 43. g3 Nc6 44. Rf4 Re5 45. Rxa4 Ne7 46. Rc4 Kf5 47. Kg2 Ke6 48. Kf3 Kd5 49. Ra4 Nf5 50. Ra5+ Kd4 51. Ra4+ Kd3 52. Ra3+ Kd4 53. g4 Nh4+ 54. Kg3 Ng6 55. Rb3 Ne7 56. Kf3 1/2-1/2